00330nam a22001457a 450000500170000000800410001702000180005804100080007608200120008410000190009624500220011526000180013730000080015565000210016320260408111514.0160627b xxu||||| |||| 00| 0 eng d a0-571-22218-8 aeng a823.914 aPierre, D.B.C. aVernon God Little bPenguin India a277 aEnglish Fiction